Statistics for Recognized regional languages of Guyana

Click here to take the quiz!

General Stats

  • This quiz has been taken 14 times
  • The average score is 4 of 9

Answer Stats

Languages% Correct
Arawak
80%
Carib
80%
Waiwai
60%
Akawaio
40%
Arekuna
20%
Macushi
20%
Patamona
20%
Wapishana
20%
Warrau
20%

Score Distribution

Percentile by Number Answered

Percent of People with Each Score

Your Score History

You have not taken this quiz